<?xml version="1.0" encoding="UTF-8"?>
<record
    xmlns:xsi="http://www.w3.org/2001/XMLSchema-instance"
    xsi:schemaLocation="http://www.loc.gov/MARC21/slim http://www.loc.gov/standards/marcxml/schema/MARC21slim.xsd"
    xmlns="http://www.loc.gov/MARC21/slim">

  <leader>03605nam a22002897a 4500</leader>
  <controlfield tag="005">20240305165622.0</controlfield>
  <controlfield tag="007">cr||||   |||| </controlfield>
  <controlfield tag="008">211117s2021    br |||||s|||| 00||0 por d</controlfield>
  <datafield tag="020" ind1=" " ind2=" ">
    <subfield code="a">978-65-5515-136-7</subfield>
  </datafield>
  <datafield tag="035" ind1=" " ind2=" ">
    <subfield code="a">35424</subfield>
  </datafield>
  <datafield tag="040" ind1=" " ind2=" ">
    <subfield code="a">vLex</subfield>
  </datafield>
  <datafield tag="090" ind1=" " ind2=" ">
    <subfield code="c">12662</subfield>
    <subfield code="d">12662</subfield>
  </datafield>
  <datafield tag="100" ind1="1" ind2=" ">
    <subfield code="a">Da Silva Pereira, T&#xE2;nia</subfield>
  </datafield>
  <datafield tag="245" ind1="1" ind2="0">
    <subfield code="a">Avosidade</subfield>
    <subfield code="h">[Recurso electr&#xF3;nico] :</subfield>
    <subfield code="b">rela&#xE7;&#xE3;o jur&#xED;dica entre av&#xF3;s e netos /</subfield>
    <subfield code="c">T&#xE2;nia Da Silva Pereira, Ant&#xF4;nio Carlos Mathias Coltro, Sofia Miranda Rabelo, Livia Teixeira Leal</subfield>
  </datafield>
  <datafield tag="256" ind1=" " ind2=" ">
    <subfield code="a">Servicio en l&#xED;nea</subfield>
  </datafield>
  <datafield tag="260" ind1=" " ind2=" ">
    <subfield code="a">Indaiatuba:</subfield>
    <subfield code="b">Editora Foco,</subfield>
    <subfield code="c">2021</subfield>
  </datafield>
  <datafield tag="300" ind1=" " ind2=" ">
    <subfield code="a">1 recurso electr&#xF3;nico</subfield>
  </datafield>
  <datafield tag="500" ind1=" " ind2=" ">
    <subfield code="a">Tendo em vista a necessidade de se aprofundar, no Brasil, o estudo te&#xF3;rico da &#x93;Avosidade&#x94; sob uma abordagem multidisciplinar, buscou-se nesta obra agregar temas relacionados &#xE0; velhice, &#xE0; sa&#xFA;de, &#xE0; ancestralidade, &#xE0; conviv&#xEA;ncia intergeracional, inclusive &#xE0; arquitetura, entre os povos ind&#xED;genas, aos direitos e deveres dos av&#xF3;s, aos alimentos avoengos, &#xE0; socioafetividade, &#xE0; multiparentalidade, &#xE0; gravidez infanto-juvenil, &#xE0; guarda compartilhada com os av&#xF3;s e &#xE0; responsabilidade civil em rela&#xE7;&#xE3;o aos av&#xF3;s. Com efeito, diante do acelerado processo de envelhecimento da popula&#xE7;&#xE3;o brasileira, efetivas pol&#xED;ticas sociais devem garantir a conviv&#xEA;ncia interfamiliar com os idosos, visando adapt&#xE1;-los a exig&#xEA;ncias do mundo moderno e &#xE0;s mudan&#xE7;as que afetam as outras gera&#xE7;&#xF5;es com as quais convive. Nesta rela&#xE7;&#xE3;o, os av&#xF3;s, por mais que se mostrem dispon&#xED;veis para a cria&#xE7;&#xE3;o dos netos, devem reconhecer limites no lidar com o cotidiano familiar, cientes de que boa parte das decis&#xF5;es s&#xE3;o tomadas pelos pais. Vivendo juntos ou separados, ou vivenciando novos relacionamentos, s&#xE3;o pessoas diferentes, com experi&#xEA;ncias pr&#xF3;prias, as quais poder&#xE3;o representar refer&#xEA;ncias positivas ou negativas na vida dos netos. Diante das dificuldades decorrentes do envelhecimento, s&#xE3;o pessoas que devem ser capazes de perceber seus limites e podem encontrar alternativas para uma conviv&#xEA;ncia no cotidiano familiar, inclusive com os netos. O enfoque multidisciplinar foi a preocupa&#xE7;&#xE3;o dos coordenadores, o que reflete a consci&#xEA;ncia da realidade, ao buscar a reciprocidade e a integra&#xE7;&#xE3;o entre diversas &#xE1;reas e objetivando a resolu&#xE7;&#xE3;o de problemas de forma global e abrangente. Finalmente, o di&#xE1;logo entre as diversas &#xE1;reas de conhecimento permite novos desdobramentos na compreens&#xE3;o da realidade e sua interpreta&#xE7;&#xE3;o. Finalmente, a Avosidade &#xE9; fen&#xF4;meno in&#xE9;dito na hist&#xF3;ria mundial e esta obra abre espa&#xE7;o para estudos e debates sobre o tema no contexto brasileiro, tanto no &#xE2;mbito jur&#xED;dico como no enfoque multidisciplinar. Com essas considera&#xE7;&#xF5;es, esperando haver cumprido a tarefa que a n&#xF3;s e aos demais autores foi passada, esperamos colaborar com o entendimento a respeito da Avosidade, e a compreens&#xE3;o do que ela significa e a import&#xE2;ncia que possui para a fam&#xED;lia e para as demais pessoas nela envolvidas, com relevo nos netos e os av&#xF3;s.</subfield>
  </datafield>
  <datafield tag="506" ind1="1" ind2=" ">
    <subfield code="a">Disponible solo en los productos indicados</subfield>
    <subfield code="d">vLex Global</subfield>
    <subfield code="d">vLex Global (Academic Edition, excluding Law Schools)</subfield>
    <subfield code="d">vLex Global (U.S. Academic Edition, Law Schools)</subfield>
    <subfield code="d">vLex Global (U.S. Academic Edition, excluding Law Schools)</subfield>
    <subfield code="d">vLex Global (Academic Edition, Law Schools)</subfield>
  </datafield>
  <datafield tag="650" ind1="0" ind2="4">
    <subfield code="a">Familia y Sucesiones</subfield>
    <subfield code="z">Brasil</subfield>
  </datafield>
  <datafield tag="700" ind1="1" ind2=" ">
    <subfield code="a">Mathias Coltro, Ant&#xF4;nio Carlos</subfield>
  </datafield>
  <datafield tag="700" ind1="1" ind2=" ">
    <subfield code="a">Rabelo, Sofia Miranda</subfield>
  </datafield>
  <datafield tag="700" ind1="1" ind2=" ">
    <subfield code="a">Teixeira Leal, Livia</subfield>
  </datafield>
  <datafield tag="740" ind1="0" ind2=" ">
    <subfield code="a">vLex Libros (Servicio en l&#xED;nea)</subfield>
  </datafield>
  <datafield tag="856" ind1="4" ind2="0">
    <subfield code="u">https://app.vlex.com/#/sources/35424</subfield>
  </datafield>
  <datafield tag="942" ind1=" " ind2=" ">
    <subfield code="c">RAA</subfield>
  </datafield>
  <datafield tag="952" ind1=" " ind2=" ">
    <subfield code="0">0</subfield>
    <subfield code="1">0</subfield>
    <subfield code="4">0</subfield>
    <subfield code="7">0</subfield>
    <subfield code="8">VLEX</subfield>
    <subfield code="9">328829</subfield>
    <subfield code="a">BD-UIN</subfield>
    <subfield code="b">BD-UIN</subfield>
    <subfield code="d">2024-03-05</subfield>
    <subfield code="l">0</subfield>
    <subfield code="p">35424</subfield>
    <subfield code="r">2024-03-05</subfield>
    <subfield code="w">2024-03-05</subfield>
    <subfield code="y">RAA</subfield>
  </datafield>
  <datafield tag="999" ind1=" " ind2=" ">
    <subfield code="c">170898</subfield>
    <subfield code="d">170898</subfield>
  </datafield>
</record>
